00681nam a2200181Ia 4500999001500000020001800015082002400033100002400057245007600081260004600157300001200203504005000215650003600265650002700301650003500328942000700363952012900370 c4842d4842 a0-231-13471-1 a294.392509515 DAV-T aDavidson, Ronald M. 0aTibetan renaissance: tantric buddhism in the rebirth of Tibetan culture aNew YorkbColumbia University Pressc2004 axv, 596 aincludes bibliographical references and index aBuddhismvHistory and criticism aBuddhismzChinazTibet aTantric BuddhismzChinazTibet cBK 00104070aNASSDOCbNASSDOCd2006-03-21eOPi2006-03-06l0o294.392509515 DAV-Tp41583r2019-04-18 00:00:00w2019-04-18yBK